Normal view
MARC view
Entry Topical Term
001 - CONTROL NUMBER
- control field: 705356
003 - CONTROL NUMBER IDENTIFIER
- control field: OSt
005 - DATE AND TIME OF LATEST TRANSACTION
- control field: 20221007103622.0
008 - FIXED-LENGTH DATA ELEMENTS
- fixed length control field: 221007|| aca||aabn | a|a d
040 ## - CATALOGING SOURCE
- Original cataloging agency: OSt
- Transcribing agency: OSt
150 ## - HEADING--TOPICAL TERM
- Topical term or geographic name entry element: FORENSIC SICENCE
670 ## - SOURCE DATA FOUND
- Source citation: Work cat.: (OSt)1183167: Sharma B.R., Forensic Science in Criminal Investigation and Trials, 2005
